000 00721nam a2200229Ia 4500
001 9797
003 GE_BSU
008 181216s||||||||xx |||||||||||||| ||und||
040 _cGE_BSU
080 _a821.353.1–1
100 _aნარსია,ნოდარ
245 _aლამაზო დღეო
245 _bლექსები
245 _cრედ.ლ.სულაბერიძე.მხატვ.ე.ამბოკაძე
260 _aთბილისი
260 _bლიტერატურა და ხელოვნება
260 _c1966
300 _a79გვ.16სმ.
653 _aლამაზო დღეო
653 _aლექსები
942 _cBK
999 _c43077
_d43077